| 000 | 01051cam a2200289 a 4500 | ||
|---|---|---|---|
| 001 | 000005493 | ||
| 005 | 20200929151706.0 | ||
| 008 | 931228s1993 sp b 001 0 spa | ||
| 020 | _a8437611652 | ||
| 040 |
_aDO-SdBNP _cDLC |
||
| 082 |
_a868.3 _bQ5p |
||
| 100 | 1 |
_aQuevedo, Francisco de, _d1580-1645. _96261 |
|
| 245 | 1 | 0 |
_aProsa festiva completa / _cFrancisco de Quevedo ; edición, Celsa Carmen García Valdés. |
| 260 |
_aMadrid : _bCátedra, _c1993. |
||
| 300 |
_a567 p. ; _c18 cm. |
||
| 490 | 1 |
_aLetras hispánicas _v363 |
|
| 504 | _aIncluye referencias bibliográficas y notas al pie de las páginas. | ||
| 504 | _aBibliografias: p. 133-143 | ||
| 600 | 1 | 0 |
_aQUEVEDO, FRANCISCO DE, _d1580-1645 _xCRÍTICA E INTERPRETACIÓN _913418 |
| 650 | 4 |
_aProsa española _915565 |
|
| 650 | 4 |
_aSátira española _94899 |
|
| 650 | 4 |
_aLiteratura española _xCrítica e interpretación _94054 |
|
| 700 | 1 |
_aGarcía Valdés, Celsa Carmen, _eed. _915577 |
|
| 830 | 0 |
_aLetras hispánicas ; _v363 _94208 |
|
| 910 | _aCatalogación por copia / LC | ||
| 910 | _aWM | ||
| 999 |
_c5292 _d5292 |
||